| 000 | 00414nam a22001697a 4500 | ||
|---|---|---|---|
| 003 | NUST - PNEC | ||
| 005 | 20170116181032.0 | ||
| 008 | 150919b xxu||||| |||| 00| 0 eng d | ||
| 020 | _a8122418317 | ||
| 040 | _cLIBRARY | ||
| 082 | _a621.3121 RAJ | ||
| 100 |
_911151 _a Raja, A. K |
||
| 245 |
_aPower Plant Engineering _cA. K Raja |
||
| 260 | _c2006 | ||
| 650 |
_97619 _aPower (Mechanics) _vME |
||
| 942 |
_2ddc _cBK |
||
| 999 |
_c67779 _d67779 |
||